000 00422nam a2200169Ia 4500
003 STCL
008 181203s9999 xx 000 0 und d
020 _a9780070660489
040 _aSTCL
_bEN
_cSTCL
082 _222
100 _aMartin, John C.
245 0 _aIntroduction to Languages and the Theory of Computation
260 _bMcGraw Hill
_aNew Delhi
_c2015
300 _a543
546 _aEnglish
942 _2ddc
_cBK
999 _c84850
_d84850